Systems biology: Mathematical modeling and model analysis (Record no. 31445)

MARC details
000 -LEADER
fixed length control field 00486nam a2200169Ia 4500
008 - FIXED-LENGTH DATA ELEMENTS--GENERAL INFORMATION
fixed length control field 230917s9999||||xx |||||||||||||| ||und||
020 ## - ISBN
Price USD146
040 ## - CATALOGING SOURCE
-- 256025
Original cataloging agency VIVEKANANDA LIBRARY
041 ## - Language
-- English
082 ## - DDC NUMBER
Classification number 570.15 F323S
100 ## - MAIN ENTRY--PERSONAL NAME
Personal name Feidan, Lynda, ed.
245 #0 - TITLE STATEMENT
Title Systems biology: Mathematical modeling and model analysis
260 ## - PUBLICATION, DISTRIBUTION, ETC. (IMPRINT)
Place of publication, distribution, etc New York
Name of publisher, distributor, etc Callisto Reference
Date of publication, distribution, etc 2019
300 ## - PHYSICAL DESCRIPTION
Pages vi, 205 p.
500 ## - GENERAL NOTE
General note 3483 04/07/2019 RBP19/76120 23/07/2019 Main Budget
942 ## - ADDED ENTRY ELEMENTS (KOHA)
Koha item type Books
Holdings
Withdrawn status Lost status Damaged status Not for loan Location (home branch) Sublocation or collection (holding branch) Date acquired Koha issues (times borrowed) Koha full call number Accession No. Koha date last seen Koha item type
        VIVEKANANDA LIBRARY VIVEKANANDA LIBRARY 30/09/2019   570.15 F323S 384277 17/09/2023 Books
© Designed and Maintained by Vivekananda Library, MDU Rohtak